Artefactos : Revista de la ELP : no. 1 : primavera 2009 : La ciencia-ficción del amor de... transferencia /

Artefactos: Revista de la ELP [Escuela Lacaniana de Psicoanálisis] en Ciudad de México, cuyo número 1 fue publicado en primavera de 2009, incorpora el subtítulo: La ciencia-ficción del amor de... transferencia y comprende los siguientes contenidos: 1) Presentación de Artefactos, una Revista de la EL...

Descripción completa

Guardado en:
Detalles Bibliográficos
Otros autores: Sladogna, Alberto (dirección y presentación) (dirección y presentación)
Formato: Libro
Idioma:Español
Publicado: México : Escuela Lacaniana de Psicoanálisis, 2009
Colección:(Artefactos: Revista de la ELP ; 1)
Temas:
Etiquetas: Agrega una etiqueta
Sin etiquetas, Sé el primero en etiquetar este registro!

MARC

LEADER 00000nam^a2200000^a^4500
001 000629904
005 20260408000000.0
009 20260409133038.113
020 |a 978-968-7995-19-9 
037 |a Acervo ITESO - Biblioteca 
041 |a ESP 
082 |a 150. 195705  |b ART S. 2 V. 1 
240 1 1 |a [Artefactos: Revista de la ELP] 
245 0 0 |a Artefactos :  |b Revista de la ELP : no. 1 : primavera 2009 : La ciencia-ficción del amor de... transferencia /  |c Dir. y presen. de A. Sladogna. 
264 1 |a México :  |b Escuela Lacaniana de Psicoanálisis,  |c 2009 
300 |a 273 p. 
336 |a texto  |b txt  |2 rdacontenido 
337 |a sin mediación  |b n  |2 rdamedio 
338 |a volumen  |b nc  |2 rdasoporte 
440 1 |a (Artefactos: Revista de la ELP ;  |v 1) 
520 |a Artefactos: Revista de la ELP [Escuela Lacaniana de Psicoanálisis] en Ciudad de México, cuyo número 1 fue publicado en primavera de 2009, incorpora el subtítulo: La ciencia-ficción del amor de... transferencia y comprende los siguientes contenidos: 1) Presentación de Artefactos, una Revista de la ELP, por el director Alberto Sladogna Ceiman; 2) Margarethe Lutz, un análisis lacaniano con Freud; 3) El impacto del más allá de la sexualidad en el análisis: una clínica de la doctrina, por A. Sladogna Cieman; 3) La especie humana, por Mario Betteo Barberis; 4) El Santo: erótica en la Arena México, por Elizabeth Buitrón; 5) La promesa performativa de la ciencia ficción, por Claudia Weiner; 6) El hombre operable, notas sobre el estado ético de la tecnología génica, por Peter Sloterdijk; 7) Amores perros, por Mario Pujo; 8) Paul Federn: entre Freud y la roca de la alienación, por Gabriel Meraz Arriola; 9) Erinnern, Wiederholen und Durcharbeiten, por Sara Glasman; 10) El estatuto de la imagen en Freud: Rücksicht auf Darstellbarkeit, por Juan Bautista Ritvo; 11) La eficacia del humor: el asesinato de Colosio, por Flavio Meléndez Zermeño; 12) Patria o Estado, por Jorge Jinkis; 13) Paréntesis: el problema económica de la personalidad, por Adrián Dordelly; 14) Tiempo y afección, por Erick Vázquez; 15) Transferencia: apuntes, por Alex Foster, y 16) Lacan: un serial killer, por Jacques Alain Miller. La publicación tuva una primera etapa, con numeración propia, bajo el título Artefacto: Revista de la Escuela Lacaniana de Psicoanálisis. 
567 |a Catalogación rápida 
649 |a XX 
650 |a Psicoanálisis Lacaniano -  |x Publicaciones Periódicas -  |x Tema Principal 
650 |a Psicoanálisis -  |x Publicaciones Periódicas -  |x Tema Principal 
650 |a Psicología -  |x Publicaciones Periódicas 
650 |a Publicaciones Periódicas Mexicanas 
650 |a Publicaciones Periódicas 
700 |a Sladogna, Alberto  |e (dirección y presentación) 
740 3 |a La ciencia-ficción del amor de... transferencia /  |c Dir. y presen. de A. Sladogna. 
910 |a Fondo Castillo-Martínez 
920 |a Impresos - Libros 
930 |a Fondos Especiales 
905 |a 127 
901 |a 629904-10  |b IT2  |c ESP  |i D127688  |u 20260408 
902 |a https://opac.biblio.iteso.mx/vufind/Record/000629904